000 00668nam a22002177a 4500
003 UA-OsUOA
001 71979
007 ta
008 20101216b un ||||| |||| 00| 0 ukr d
090 _a347.9(477)(075.8)
_bЦ58
942 _cBK
040 _aUA-OsUOA
_bukr
_cUA-OsUOA
_dUA-OsUOA
245 _aЦивільний процес:інтерактивний курс
_cФіліп'єв А., Самолюк В., Зінчук Д.
300 _a615 с.
955 _a2
041 _aukr
080 _a347.9(477)(075.8)
260 _aОстрог
_bНаУОА
_c2007
650 7 _a347 Цивільне право. Судовий устрій
_2UDC
999 _c358187
_d358187